000 00885nam a22002297a 4500
005 20090828135725.0
008 090828t xxu||||| |||| 00| 0 eng d
010 _aENG-94949
020 _a9788179102015
_c575.00
035 _aEN-78482
037 _bDBAD / PUB
040 _adpl
_bEnglish
082 _a371.4
100 _aSundaram, G.
245 _aPrinciples & practice of guidance and counselling /
_cby G. Sundaram
260 _aJaipur
_bAavishkar Publishers, Distributors
_c2007
270 _a807, Vyas Building, Chaura Rasta,
_bJaipur
_e302003
300 _ax, 197p.
_c23cm(Hb)
500 _aIncludes bibliographical references and index
942 _2ddc
_cEN
_mSUN
_h371.4
999 _c29739
_d29739